00408nam a2200169 a 450000100060000000300090000600800410001504000280005608200170008410000230010124500170012425000060014126000410014730000100018850000170019865000230021510855CO-ViMGA141112s2004 ck r 000 u spa d aCO-ViMGAbspacCO-ViMGA04aB 869.3 C15b1 aCallado, Antonio, 10aBar Don Juan a1 aBuenos Aires, cEdiciones de la Flor a230p. aFecha : 197314aNOVELA BRASILEÑA